Poemas de Tessa (Record no. 58275)

MARC details
000 -LÍDER
campo de controle de tamanho fixo 00287 a2200145 4500
001 - NÚMERO DE CONTROLE
campo de controle 58275
020 ## - ISBN - INTERNATIONAL STANDARD BOOK NUMBER
ISBN - International Standard Book Number
040 ## - FONTE DA CATALOGAÇÃO
Instituição que transcreveu o registro Anchieta - Pituba
100 ## - ENTRADA PRINCIPAL--NOME PESSOAL
Nome pessoal Tessa
240 10 - TÍTULO UNIFORME
Título uniforme Poemas de Tessa
Idioma da obra por
245 10 - TÍTULO
Título Poemas de Tessa
300 ## - DESCRIÇÃO FÍSICA
Extensão
650 #4 - ASSUNTO--TERMO TÓPICO
Cabeçalho tópico ou nome geográfico Poesia brasileira
942 ## - ELEMENTOS DE ENTRADA ADICIONADOS (KOHA)
Tipo de material Koha Livros
Holdings
Situação do descarte Situação das perdas Situação física Não pode ser emprestado Biblioteca de origem Biblioteca atual Data de aquisição Total de empréstimos Código de barras Data de último acesso Data do preço efetivo Tipo de material Koha
        Colégio Anchieta - Pituba Colégio Anchieta - Pituba 21/11/2023   8703/PIT 21/11/2023 21/11/2023 Livros